MDQL
is popping MORE tags! Check the
thread
!
Quizzes
Events
Quiz Creation
Community
Videos
Private Events
Remove Ads
Sign In
Join for FREE
Feedback
Dark Mode
Quiz Categories
Sports
Geography
Music
Movies
Television
Just For Fun
Miscellaneous
History
Literature
Language
Science
Gaming
Entertainment
Religion
Holiday
For Kids
Quiz Lab
Recent
Popular Today
Quiz Kudos Today
Editor Picks
Curator Picks
Quizzes by...
Day
Popularity
Type
Ratings
Length
Year
Community
Subscriptions
Recent Discussions
Orange Saloon
Badges
Playlists
Quests
Create
Leaderboards
Showdown
Live 5
Trivia Bingo
Activity
Puzzle Library
Sporcle Events
Private Events
Virtual Trivia
Globe League
Become a Host
Pub Owners
SporcleCon
Opinionation
Our Games
Videos
Blog
Mobile Apps
Partnerships
Remove Ads and Go Orange
Feedback
Language
Vocabulary
Begins and Ends
Definition
Spanish
French
German
Italian
Chinese
Latin
Translation
Japanese
Language
Vocabulary
Begins and Ends
Definition
Spanish
French
German
Italian
Chinese
Latin
Translation
Japanese
Random Quiz
Search Sporcle
×
Quiz Lab
Quiz Lab
Language
Vocabulary
Type in answers that appear in a list
Type in answers that appear in a list
Classic
Best Score? Go Orange.
Chapter 11 Vocab (Wheelocks) Stats
Can you name the Chapter 11 Vocab (Wheelocks)?
By
MrGibbons
10m
14 Questions
336 Plays
336 Plays
336 Plays
Comments
Comments
Give Quiz Kudos
Give Quiz Kudos
-
- Ratings
hide this ad
More Info
Replay
Link that replays current quiz
Next Quiz
Link to next quiz in quiz playlist
You Got
0%
They Got
Avg Score
79%
Avg Friend Score
Upgrade to see
Score Distribution
Jump to the score distribution portion of the page
Score
0/14
Timer
10:00
0
Plays Today
Latin Word
English Definition
% Correct
consul, consulis (m)
consul
96.1%
caput, capitis (n)
head
94.2%
nemo/
nullius/
nemini/
neminem/
nullo/
nulla
no one
90%
amicus, -
a, -
um
friendly
87.9%
quod
because
85.8%
sentio, sentire, sensi, sensus
to feel
82.7%
bene
well
81.8%
Latin Word
English Definition
% Correct
mitto, mittere, misi, missus
to send
79.7%
nec...nec/
neque...neque
neither...nor
76.4%
carus, -
a, -
um
dear
75.5%
etiam
even
74.8%
intellego, intellegere, intellexi, intellectus
to understand
74.8%
autem
however
71.2%
neque, nec
and not, nor
45.8%
Quiz Playlist
Details
Report
Send in Message
Add To Playlist
More Info:
nter the correct English definitions. For verbs, your answer should be in the form of the infinitive (ex. "to love" "to think" etc.) BONAM FORTUNAM!
Classic:
Type in answers that appear in a list
Last Updated: Feb 16, 2017
Quiz Scoreboard
CHALLENGE
Sign Up to Join the Scoreboard
Show All
Scores
Hide
Comments
May contain spoilers
Recently Published
Image Sorting: Flags VI
by Barbecue
Geography
2m
Find the 'City' Movie
by crazypaving
Movies
60s
Colored Red Africa Blitz
by spor1
Geography
45s
More to Explore
Quiz From the Vault
Featured Blog Post
14 Easter Pick-up Lines to Find Eggs With
hide this ad
You Might Also Like...
Tags
Latin Quiz
Vocabulary Quiz
Today's Top Quizzes in Language
Browse Language
hide this ad
Today's Top Quizzes in Vocabulary
Browse Vocabulary
Top Contributed Quizzes in Language
1
What Word Starts All?
2
Arabic Numerals
3
1-10 Letter F Words III
4
1-10 Letter G Words III
5
1-10 Letter H Words III
6
Weisst du, aus welchen Sprachen diese Wörter stammen?
7
1-10 Letter I Words III
8
Latihan Huruf Hiragana KA KI KU KE KO
9
1-10 Letter M Words III
10
1-10 Letter J Words III
Explore More
Trending Topics
Anime
Disney
Harry Potter
Kpop
Marvel
NBA
Crossword
Country
WWE
NFL
The Office
Song
Soccer
Pokémon
Puzzle
hide this ad
More By:
MrGibbons
Quiz
Plays
Rating
Category
Featured
Created
Chapter 4 Vocab (Wheelocks)
763
5.00
Language
Oct 5, 2010
Chapter 5 Vocab (Wheelocks)
693
5.00
Language
Oct 21, 2010
Chapter 6 Vocab (Wheelocks)
620
4.60
Language
Nov 29, 2010
Chapter 9 Vocab (Wheelocks)
589
3.00
Language
Feb 1, 2011
Chapter 1 Vocab (Wheelocks)
544
5.00
Language
Sep 23, 2010
Go to Creator's Profile
Score Distribution
Quiz Creator Spotlight
MrGibbons
Follow
Send a Message
Quizzes Created
-
Created Quiz Play Count
-
More By This Creator
Popular Quizzes Today
1
Colored Red Africa Blitz
2
Find the US States - No Outlines Minefield
3
Find the 'City' Movie
4
5x2 Blitz: Bands
5
The Countries of the World
6
Find the US States
7
Find the Countries of Europe - No Outlines Minefield
8
US States
More Language Quizzes
Latin or Sanskrit Blitz
Curator's Pick
Trending Quizzes
Colored Red Europe Blitz I
Colored Red Europe Blitz II
Colored Red Africa Blitz II
Colored Red Europe Blitz III
Colored Red Africa Blitz III
Recently Updated
How Do You Spell That?
pecheneg
Godzilla Movies
pecheneg
Grab Bag: 4-10 Letters
pecheneg
2024 March Madness Bracket
pecheneg
Famous TV Couples
Peacemaker
Champions League XIs: Real Madrid
pecheneg
Largest US Cities 1790-2010
pecheneg
Rides in Walt Disney World
pecheneg
Most Oscar Losses (Acting)
pecheneg
Beyoncé Albums
pecheneg
Trending Topics
Marvel
Anime
Harry Potter
Crossword
Kpop
Disney
NBA
WWE
Country
Puzzle
Pokémon
NFL
Song
Soccer
The Office
Your Account Isn't Verified!
In order to create a playlist on Sporcle, you need to verify the email address you used during registration. Go to your
Sporcle Settings
to finish the process.
Report this User
Report this user for behavior that violates our
Community Guidelines
.
Details:
Send Report
Go to the Sporcle.com Mobile Site →
Comments